000 00338nam a22001457a 4500
008 210303b ||||| |||| 00| 0 eng d
020 _a0075543117
041 _aeng
080 _a101
082 _a101
100 _a24
101 _aFIL
245 _aPersons and their wWorld An Introduction to Philosophy
_cOlen, J
942 _2udc
_cBK
999 _c55575
_d55575